| 000 | 00744nam a2200241 a 4500 | ||
|---|---|---|---|
| 005 | 20210223120715.0 | ||
| 008 | 991125s1994 es 000 0 spa u | ||
| 020 | _a8429173420 | ||
| 035 | _aUPN01000005879 | ||
| 049 | _aCG | ||
| 050 | 4 |
_aQP517 Q34 _bM3.2 |
|
| 100 | 1 | _aMacarulla, José M. | |
| 245 | 1 | 0 |
_aBioquímica cuantitativa / _cJosé M. Macarulla, Aída Marino, Alberto Macarulla. |
| 260 |
_aBarcelona, Esp. : _bReverté, _c1994. |
||
| 300 | _av- | ||
| 500 | _aLa biblioteca tiene el v.1 | ||
| 505 | 8 |
_aContenido: _gv.1. _tCuestiones sobre biomoléculas |
|
| 650 | 4 |
_aBIOLOGIA MOLECULAR _94945 |
|
| 650 | 4 |
_aBIOQUIMICA CUANTICA _95160 |
|
| 700 | 1 |
_aMarino, Aída, _ecoaut. |
|
| 700 | 1 |
_aMacarulla, Alberto, _ecoaut. |
|
| 905 | _aLibro | ||
| 999 |
_c5879 _d5879 |
||